संघर्ष-मीमांसा / (Record no. 112221)

MARC details
000 -LEADER
fixed length control field 01046nam a22002537a 4500
005 - DATE AND TIME OF LATEST TRANSACTION
control field 20170124102935.0
010 ## - LIBRARY OF CONGRESS CONTROL NUMBER
LC control number B-048696
020 ## - INTERNATIONAL STANDARD BOOK NUMBER
Terms of availability 125.00
International Standard Book Number 8188122009
035 ## - SYSTEM CONTROL NUMBER
System control number B-048696
037 ## - SOURCE OF ACQUISITION
Source of stock number/acquisition Cen Lib/Ret
040 ## - CATALOGING SOURCE
Original cataloging agency DPL
Language of cataloging HN
082 ## - DEWEY DECIMAL CLASSIFICATION NUMBER
Classification number 821
Item number शर्मार
100 ## - MAIN ENTRY--PERSONAL NAME
Personal name शर्मा, रवि
9 (RLIN) 5680
245 ## - TITLE STATEMENT
Title संघर्ष-मीमांसा /
Statement of responsibility, etc रवि शर्मा
246 ## - VARYING FORM OF TITLE
Title proper/short title Sangarh-simansa /
Remainder of title by Ravi Sharma
260 ## - PUBLICATION, DISTRIBUTION, ETC. (IMPRINT)
Place of publication, distribution, etc नई दिल्ली
Name of publisher, distributor, etc भारतीय प्रकाशन संसथान
Date of publication, distribution, etc 2001
270 ## - ADDRESS
City नई दिल्ली
Address 24/4855, अंसारी रोड, दरयागंज
Postal code 110002
300 ## - PHYSICAL DESCRIPTION
Extent 124पृ.
Dimensions 20सेमी(सजिल्द)
650 ## - SUBJECT ADDED ENTRY--TOPICAL TERM
Topical term or geographic name as entry element हिन्दी साहित्य
9 (RLIN) 46397
650 ## - SUBJECT ADDED ENTRY--TOPICAL TERM
Topical term or geographic name as entry element हिन्दी साहित्य -- कविता
9 (RLIN) 46398
650 ## - SUBJECT ADDED ENTRY--TOPICAL TERM
Topical term or geographic name as entry element Hindi literature
9 (RLIN) 46399
650 ## - SUBJECT ADDED ENTRY--TOPICAL TERM
Topical term or geographic name as entry element Hindi literature -- Poetry
9 (RLIN) 46400
942 ## - ADDED ENTRY ELEMENTS (KOHA)
Source of classification or shelving scheme Dewey Decimal Classification
Koha item type Hindi Books
Classification part 821
Call number suffix शर्मार
Holdings
Withdrawn status Lost status Damaged status Not for loan Home library Current library Date acquired Source of acquisition Cost, normal purchase price Total Checkouts Full call number Barcode Date last seen Copy number Cost, replacement price Price effective from Koha item type
        Central Library Central Library 07/08/2015 Cen Lib/Ret 125.00   821 शर्मार B-048696 07/08/2015 1 125.00 07/08/2015 Hindi Books

© Delhi Public Library
Hit Counter
free hit counter